[Event "Campeonato de España FEDC 2014"]
[Site "Linares ESP"]
[Date "2014.11.16"]
[Round "1.1"]
[White "Palacios Perez, Manuel"]
[Black "Garcia Andrinal, Antonio"]
[Result "1-0"]
[WhiteElo "2208"]
[BlackElo "1726"]
[PlyCount "35"]
[EventDate "2014.11.16"]
[EventType "swiss"]
[EventRounds "8"]
[EventCountry "ESP"]
[Source "lmi"]
[SourceDate "2014.11.16"]

1. d4 d5 2. c4 e5 3. dxe5 d4 4. Nf3 Nc6 5. g3 Bg4 6. Bg2 Qd7 7. O-O Nge7 8.
Nbd2 Ng6 9. Nb3 Bxf3 10. exf3 O-O-O 11. Bg5 Be7 12. Bxe7 Qxe7 13. f4 Qe8 14.
Nc5 Na5 15. b4 Nxc4 16. Nxb7 Ne7 17. Nxd8 Kxd8 18. Qxd4+ 1-0

[Event "Campeonato de España FEDC 2014"]
[Site "Linares ESP"]
[Date "2014.11.16"]
[Round "1.2"]
[White "Garcia Cervigon, Juan Pablo"]
[Black "Fernandez Manrique, Agustin"]
[Result "0-1"]
[WhiteElo "1709"]
[BlackElo "2197"]
[PlyCount "38"]
[EventDate "2014.11.16"]
[EventType "swiss"]
[EventRounds "8"]
[EventCountry "ESP"]
[Source "lmi"]
[SourceDate "2014.11.16"]

1. Nf3 Nf6 2. b3 g6 3. Bb2 Bg7 4. g3 d6 5. Bg2 O-O 6. O-O c5 7. c4 Nc6 8. d3
Rb8 9. Nc3 a6 10. a4 Bd7 11. Rb1 Bf5 12. h3 e5 13. e4 Bd7 14. Bc1 Ne8 15. Nd5
Nc7 16. Bd2 a5 17. Qc1 Ne6 18. Bh6 Ned4 19. Bxg7 Ne2+ 0-1

[Event "Campeonato de España FEDC 2014"]
[Site "Linares ESP"]
[Date "2014.11.16"]
[Round "1.3"]
[White "Draghici Flutur, Gavril"]
[Black "Sanchez Ruiz, Justo"]
[Result "1-0"]
[WhiteElo "2164"]
[BlackElo "1708"]
[PlyCount "51"]
[EventDate "2014.11.16"]
[EventType "swiss"]
[EventRounds "8"]
[EventCountry "ESP"]
[Source "lmi"]
[SourceDate "2014.11.16"]

1. e4 e6 2. Nf3 d5 3. e5 Bd7 4. d4 c5 5. c3 Nc6 6. a3 Qb6 7. b4 cxd4 8. cxd4
Nge7 9. Nc3 Rb8 10. Na4 Qd8 11. Bg5 h6 12. Be3 Nf5 13. Bd3 Be7 14. O-O O-O 15.
Rc1 b6 16. Nc3 a5 17. Bxf5 axb4 18. Bb1 bxc3 19. Qd3 g6 20. Bxh6 Ra8 21. Rxc3
Re8 22. Qe3 Kh8 23. Ng5 Bxg5 24. Bxg5 Ne7 25. Bxe7 Qxe7 26. Qh6+ 1-0

[Event "Campeonato de España FEDC 2014"]
[Site "Linares ESP"]
[Date "2014.11.16"]
[Round "1.4"]
[White "Sanz Garcia, Ramon"]
[Black "Vela Ignacio, Jose Manuel"]
[Result "0-1"]
[WhiteElo "1706"]
[BlackElo "2128"]
[PlyCount "62"]
[EventDate "2014.11.16"]
[EventType "swiss"]
[EventRounds "8"]
[EventCountry "ESP"]
[Source "lmi"]
[SourceDate "2014.11.16"]

1. d4 d5 2. Bf4 e6 3. Nf3 Nf6 4. e3 Bd6 5. Bg3 Ne4 6. Bd3 c5 7. c3 Nc6 8. Nbd2
Nxg3 9. hxg3 h6 10. g4 e5 11. dxe5 Nxe5 12. Nxe5 Bxe5 13. Bb5+ Bd7 14. Bxd7+
Qxd7 15. Nf3 Bc7 16. g5 O-O-O 17. gxh6 Rxh6 18. Rxh6 gxh6 19. Qe2 Qa4 20. Nd2
f5 21. g3 d4 22. cxd4 cxd4 23. Qc4 Qxc4 24. Nxc4 b5 25. Na3 dxe3 26. Nxb5 Ba5+
27. Nc3 Rd2 28. fxe3 Rxb2 29. Rc1 Rh2 30. Kd1 Rh1+ 31. Kd2 Rxc1 0-1

[Event "Campeonato de España FEDC 2014"]
[Site "Linares ESP"]
[Date "2014.11.16"]
[Round "1.5"]
[White "Aguilar Sevilla, Diego"]
[Black "Merino Gomez, Aurelio"]
[Result "1-0"]
[WhiteElo "2105"]
[BlackElo "1696"]
[PlyCount "57"]
[EventDate "2014.11.16"]
[EventType "swiss"]
[EventRounds "8"]
[EventCountry "ESP"]
[Source "lmi"]
[SourceDate "2014.11.16"]

1. e4 c5 2. Nf3 e6 3. d4 cxd4 4. Nxd4 Nf6 5. Nc3 Nc6 6. Ndb5 d6 7. Bf4 e5 8.
Bg5 a6 9. Na3 Be7 10. Nc4 b5 11. Bxf6 gxf6 12. Ne3 Nd4 13. Ncd5 Bd7 14. c3 Ne6
15. g3 Ng5 16. Bg2 Rc8 17. h4 Ne6 18. Nxe7 Qxe7 19. Nf5 Qd8 20. Nxd6+ Ke7 21.
Nxc8+ Qxc8 22. O-O h5 23. Qd2 Nc5 24. Rad1 Nb7 25. Qe3 Qc6 26. f4 Bg4 27. fxe5
fxe5 28. Qg5+ f6 29. Qg7+ 1-0

[Event "Campeonato de España FEDC 2014"]
[Site "Linares ESP"]
[Date "2014.11.16"]
[Round "1.6"]
[White "Losilla Marin, Antonio"]
[Black "Clemente Llamero, Roberto"]
[Result "0-1"]
[WhiteElo "1656"]
[BlackElo "2097"]
[PlyCount "152"]
[EventDate "2014.11.16"]
[EventType "swiss"]
[EventRounds "8"]
[EventCountry "ESP"]
[Source "lmi"]
[SourceDate "2014.11.16"]

1. b3 d5 2. Bb2 Nf6 3. Nf3 c5 4. e3 Nc6 5. Bb5 Bd7 6. O-O e6 7. c4 a6 8. Bxc6
Bxc6 9. Ne5 Rc8 10. Nxc6 Rxc6 11. Nc3 dxc4 12. bxc4 Bd6 13. Qe2 O-O 14. f4 Qc7
15. g4 Rd8 16. g5 Ne8 17. Ne4 Bf8 18. h4 Qd7 19. Rf2 Qd3 20. Qxd3 Rxd3 21. Raf1
Nd6 22. Nxd6 Rcxd6 23. Bc3 b5 24. f5 exf5 25. Rxf5 Rd7 26. cxb5 axb5 27. a3 b4
28. axb4 cxb4 29. Bd4 Rxd2 30. Rb5 Rc2 31. Ra1 Rc8 32. Kg2 Re8 33. Kf3 Rc8 34.
h5 Rcd8 35. Ke4 Re8+ 36. Kf4 Rde7 37. Rh1 Rd7 38. Rb6 Rd5 39. g6 Bd6+ 40. Kf3
fxg6 41. hxg6 hxg6 42. Rg1 Kf7 43. Rb7+ Re7 44. Rb6 Rf5+ 45. Ke2 Rd7 46. Rc1 g5
47. Rcc6 Bf8 48. Kd3 Rf1 49. Ke4 Re7+ 50. Kd3 Rd1+ 51. Kc2 Rf1 52. Rb5 g4 53.
Rg5 Rg1 54. Bc5 Re8 55. Bd4 g3 56. Rc7+ Re7 57. Rxe7+ Bxe7 58. Rxg7+ Ke6 59. e4
Rg2+ 60. Kb3 Rd2 61. Bb6 Rd3+ 62. Kc2 Rc3+ 63. Kd2 Bf6 64. Rg6 Kf7 65. Rg4 Be5
66. Ba5 Rc4 67. Kd3 Rd4+ 68. Ke3 Rc4 69. Kd3 Rc3+ 70. Kd2 Rb3 71. Kc2 Rb2+ 72.
Kd3 g2 73. Kc4 b3 74. Bc3 Rc2 75. Kxb3 Rxc3+ 76. Kb4 Rg3 0-1

[Event "Campeonato de España FEDC 2014"]
[Site "Linares ESP"]
[Date "2014.11.16"]
[Round "1.7"]
[White "Olivera Gutierrez, Albert"]
[Black "Salas Rasilla, Concepcion"]
[Result "1-0"]
[WhiteElo "2047"]
[BlackElo "1653"]
[PlyCount "51"]
[EventDate "2014.11.16"]
[EventType "swiss"]
[EventRounds "8"]
[EventCountry "ESP"]
[Source "lmi"]
[SourceDate "2014.11.16"]

1. e4 c5 2. Nf3 Nf6 3. d4 cxd4 4. Nxd4 e6 5. c4 Nc6 6. Nc3 Qc7 7. Be3 Be7 8.
Be2 O-O 9. Rc1 a6 10. a3 Ne5 11. O-O d6 12. f3 Bd7 13. b4 Rad8 14. Kh1 Rfe8 15.
Qd2 Qb8 16. Rfd1 Ng6 17. Bf1 Bc8 18. Nb3 h6 19. Bb6 Rd7 20. Qf2 Bd8 21. Ba7 Qa8
22. Be3 Rde7 23. Rxd6 Bc7 24. Rd2 Qb8 25. g3 Bd7 26. Bc5 1-0

[Event "Campeonato de España FEDC 2014"]
[Site "Linares ESP"]
[Date "2014.11.16"]
[Round "1.8"]
[White "Diaz De La Guia, Luis"]
[Black "Ortiz Amenos, Jose Luis"]
[Result "1/2-1/2"]
[WhiteElo "1653"]
[BlackElo "2039"]
[PlyCount "98"]
[EventDate "2014.11.16"]
[EventType "swiss"]
[EventRounds "8"]
[EventCountry "ESP"]
[Source "lmi"]
[SourceDate "2014.11.16"]

1. d4 d5 2. Nc3 Bf5 3. Nf3 e6 4. Bf4 Bd6 5. Bg3 Nf6 6. e3 Ne4 7. Nxe4 Bxe4 8.
Bd3 Bxd3 9. Qxd3 O-O 10. O-O Nc6 11. a3 Ne7 12. c4 Nf5 13. Bxd6 Nxd6 14. c5 Ne4
15. Nd2 Nf6 16. Qb5 b6 17. Rfc1 Qe7 18. Rc2 e5 19. dxe5 Qxe5 20. Rac1 a6 21.
Qc6 Rab8 22. Nf3 Qe7 23. cxb6 Rxb6 24. Qxc7 Qxc7 25. Rxc7 Rxb2 26. R7c6 Ne4 27.
R1c2 Rxc2 28. Rxc2 Rb8 29. h3 h6 30. Nd4 Rb1+ 31. Kh2 Ra1 32. f3 Nd6 33. Rc3
Nc4 34. e4 Rxa3 35. Rxa3 Nxa3 36. exd5 Nc4 37. Kg3 Kf8 38. Kf4 g6 39. Nc6 f5
40. g4 fxg4 41. fxg4 Kf7 42. Ke4 Kf6 43. Kd4 Nb6 44. h4 h5 45. g5+ Kf7 46. Kc5
Nd7+ 47. Kd6 Nb6 48. Kc5 Nd7+ 49. Kd6 Nb6 1/2-1/2

[Event "Campeonato de España FEDC 2014"]
[Site "Linares ESP"]
[Date "2014.11.16"]
[Round "1.9"]
[White "Fernandez Lago, David"]
[Black "Samper Alarcon, Julio Alfredo"]
[Result "1-0"]
[WhiteElo "2000"]
[BlackElo "1627"]
[PlyCount "89"]
[EventDate "2014.11.16"]
[EventType "swiss"]
[EventRounds "8"]
[EventCountry "ESP"]
[Source "lmi"]
[SourceDate "2014.11.16"]

1. d4 d5 2. c4 c6 3. Nc3 e6 4. e3 Nf6 5. Nf3 Be7 6. g4 Bb4 7. Bd2 Bxc3 8. Bxc3
Ne4 9. Qc2 Na6 10. Bd3 Nxc3 11. Qxc3 Qb6 12. c5 Qb4 13. Bxa6 Qxc3+ 14. bxc3
bxa6 15. Ne5 a5 16. Nxc6 Ba6 17. Rb1 f6 18. Nxa5 Kd7 19. Kd2 Kc7 20. Rb4 h5 21.
Rg1 hxg4 22. Rxg4 g5 23. Rg2 Rh3 24. c4 Rah8 25. cxd5 exd5 26. Kc3 Rxh2 27.
Rxh2 Rxh2 28. Rb2 f5 29. Nb3 g4 30. Nc1 Rh3 31. Nd3 Bxd3 32. Kxd3 g3 33. fxg3
Rxg3 34. Rf2 Rg5 35. Rh2 Rg7 36. Rh6 Rf7 37. Rd6 f4 38. exf4 Rxf4 39. Rxd5 Rf2
40. Re5 Rxa2 41. d5 Ra3+ 42. Kc4 Ra1 43. Re7+ Kd8 44. d6 a6 45. Kd5 1-0

[Event "Campeonato de España FEDC 2014"]
[Site "Linares ESP"]
[Date "2014.11.16"]
[Round "1.10"]
[White "Miramon Borragan, Gustavo"]
[Black "Zanoletty Garcia, David"]
[Result "0-1"]
[WhiteElo "1626"]
[BlackElo "1996"]
[PlyCount "70"]
[EventDate "2014.11.16"]
[EventType "swiss"]
[EventRounds "8"]
[EventCountry "ESP"]
[Source "lmi"]
[SourceDate "2014.11.16"]

1. e4 e6 2. Bb5 Qg5 3. Bf1 b6 4. d4 Qg6 5. Nc3 Bb4 6. Nge2 Qxe4 7. Be3 Bb7 8.
Ng3 Qg6 9. Bd3 f5 10. O-O Bxc3 11. bxc3 Nf6 12. Qe1 O-O 13. Bf4 Nd5 14. Bc1 Qf7
15. c4 Nf6 16. Rb1 Nc6 17. c3 Ba6 18. Qd1 Na5 19. Rb4 d6 20. Re1 Nd7 21. f4 g6
22. Ra4 Rae8 23. Bf1 Rd8 24. c5 Bxf1 25. Nxf1 dxc5 26. dxc5 Nxc5 27. Rd4 Nc6
28. Rxd8 Rxd8 29. Qf3 Na5 30. Qe2 Ne4 31. Bb2 Qd7 32. Ng3 Nc5 33. Ba3 Nab7 34.
Qe5 Kf7 35. h4 Nd3 0-1

[Event "Campeonato de España FEDC 2014"]
[Site "Linares ESP"]
[Date "2014.11.16"]
[Round "1.11"]
[White "Saez Gabikagogeaskoa, Oscar"]
[Black "De Los Heros Torres, Francisco"]
[Result "1-0"]
[WhiteElo "1988"]
[BlackElo "1624"]
[PlyCount "40"]
[EventDate "2014.11.16"]
[EventType "swiss"]
[EventRounds "8"]
[EventCountry "ESP"]
[Source "lmi"]
[SourceDate "2014.11.16"]

1. e4 e6 2. d4 d5 3. Nc3 Nf6 4. Bg5 Be7 5. e5 Nfd7 6. h4 h6 7. Be3 c5 8. Qg4
Bf8 9. Nf3 Nc6 10. O-O-O a6 11. dxc5 Ndxe5 12. Nxe5 Nxe5 13. Qg3 Nc6 14. Kb1
Bd7 15. Na4 g6 16. Nb6 Rb8 17. Bf4 Bg7 18. Bxb8 Nxb8 19. Qd6 Bf8 20. Qe5 Rg8
1-0

[Event "Campeonato de España FEDC 2014"]
[Site "Linares ESP"]
[Date "2014.11.16"]
[Round "1.12"]
[White "Arranz Fraile, Javier"]
[Black "Sanchez Ruiz, Piedad Esmeralda"]
[Result "1/2-1/2"]
[WhiteElo "1594"]
[BlackElo "1861"]
[PlyCount "45"]
[EventDate "2014.11.16"]
[EventType "swiss"]
[EventRounds "8"]
[EventCountry "ESP"]
[Source "lmi"]
[SourceDate "2014.11.16"]

1. d4 d5 2. Nf3 e6 3. Bf4 Nf6 4. e3 Be7 5. Bd3 Nbd7 6. Nbd2 c5 7. c3 a6 8. Ne5
Nb8 9. h3 b5 10. O-O Bb7 11. Ndf3 Ne4 12. Bxe4 dxe4 13. Nd2 cxd4 14. cxd4 Nd7
15. Rc1 Rc8 16. Nb3 Nf6 17. Nc5 Bxc5 18. dxc5 Qxd1 19. Rfxd1 Nd5 20. c6 Ba8 21.
Bg3 f6 22. Nd7 Rxc6 23. Rxc6 1/2-1/2

[Event "Campeonato de España FEDC 2014"]
[Site "Linares ESP"]
[Date "2014.11.16"]
[Round "1.13"]
[White "Ariste Justo, Jesus Angel"]
[Black "Escabias Perez, Miguel"]
[Result "1/2-1/2"]
[WhiteElo "1858"]
[BlackElo "1590"]
[PlyCount "41"]
[EventDate "2014.11.16"]
[EventType "swiss"]
[EventRounds "8"]
[EventCountry "ESP"]
[Source "lmi"]
[SourceDate "2014.11.16"]

1. d4 d5 2. c4 e6 3. Nc3 Nf6 4. Nf3 Nbd7 5. g3 Be7 6. Bg2 dxc4 7. Qa4 O-O 8.
Qxc4 Nb6 9. Qb3 Re8 10. O-O c6 11. a4 Nbd5 12. Ne5 Qb6 13. Qd1 Nd7 14. Nc4 Qc7
15. e4 Nxc3 16. bxc3 e5 17. dxe5 Nxe5 18. Bf4 Bf6 19. Qe2 Qe7 20. Nxe5 Bxe5 21.
Bxe5 1/2-1/2

[Event "Campeonato de España FEDC 2014"]
[Site "Linares ESP"]
[Date "2014.11.16"]
[Round "1.14"]
[White "Gil Dominguez, Angel Jesus"]
[Black "Monmeneu Chulia, Vicente Juan"]
[Result "0-1"]
[WhiteElo "1571"]
[BlackElo "1851"]
[PlyCount "76"]
[EventDate "2014.11.16"]
[EventType "swiss"]
[EventRounds "8"]
[EventCountry "ESP"]
[Source "lmi"]
[SourceDate "2014.11.16"]

1. d4 Nf6 2. c4 g6 3. Nc3 Bg7 4. e4 d6 5. Be3 O-O 6. Nf3 e5 7. d5 Ng4 8. Qd2
Nxe3 9. Qxe3 f5 10. Bd3 Nd7 11. h4 Nf6 12. Ng5 Bh6 13. f4 exf4 14. Qxf4 Nxe4
15. Qh2 Nxg5 16. hxg5 Qe7+ 17. Kf2 Bxg5 18. Rae1 Qg7 19. Re2 h6 20. Qg3 Bd7 21.
Rhe1 Qd4+ 22. Kf1 Qh4 23. Qf3 Qh1+ 24. Kf2 Bh4+ 25. g3 Qh2+ 26. Ke3 Qxg3 27.
Qxg3 Bxg3 28. Rg1 f4+ 29. Ke4 Bg4 30. Reg2 Rae8+ 31. Kd4 Bf5 32. Ne4 Bxe4 33.
Bxe4 Kf7 34. b4 Kf6 35. a4 Re5 36. c5 Rfe8 37. Bf3 Re3 38. Bd1 R8e4# 0-1

[Event "Campeonato de España FEDC 2014"]
[Site "Linares ESP"]
[Date "2014.11.16"]
[Round "1.15"]
[White "Coves Sepulcre, Laureano"]
[Black "Melero Marti, Hector"]
[Result "1-0"]
[WhiteElo "1840"]
[BlackElo "1537"]
[PlyCount "55"]
[EventDate "2014.11.16"]
[EventType "swiss"]
[EventRounds "8"]
[EventCountry "ESP"]
[Source "lmi"]
[SourceDate "2014.11.16"]

1. c4 c5 2. Nc3 Nc6 3. Nf3 g6 4. d4 cxd4 5. Nxd4 Bg7 6. e3 d6 7. Be2 Nf6 8. O-O
O-O 9. Nc2 a6 10. e4 Ne8 11. Rb1 Nc7 12. Be3 Bxc3 13. bxc3 e5 14. Qd2 Qe7 15.
Nb4 Nxb4 16. cxb4 Rb8 17. Bb6 Be6 18. Rfd1 Na8 19. Be3 Rfd8 20. a4 Nc7 21. a5
Rbc8 22. Rbc1 Ne8 23. b5 axb5 24. cxb5 Nf6 25. Bg5 d5 26. Rxc8 Rxc8 27. exd5
Bxd5 28. Bxf6 1-0

[Event "Campeonato de España FEDC 2014"]
[Site "Linares ESP"]
[Date "2014.11.16"]
[Round "1.16"]
[White "Fernandez Cabello, Emilio"]
[Black "Megias Gonzalez, Javier"]
[Result "0-1"]
[WhiteElo "1513"]
[BlackElo "1837"]
[PlyCount "54"]
[EventDate "2014.11.16"]
[EventType "swiss"]
[EventRounds "8"]
[EventCountry "ESP"]
[Source "lmi"]
[SourceDate "2014.11.16"]

1. e4 c5 2. Nc3 e6 3. f4 Nc6 4. Nf3 g6 5. Bc4 Bg7 6. O-O Nge7 7. d3 O-O 8. a4
d5 9. Ba2 Nb4 10. Bb3 Nbc6 11. Kh1 Na5 12. Ba2 b6 13. Qe1 Bb7 14. Rb1 Nec6 15.
Ra1 Nb4 16. Bb1 Rc8 17. Na2 dxe4 18. dxe4 Nac6 19. Nxb4 Nxb4 20. Ne5 Ba6 21.
Rf2 Qh4 22. Ra3 Rfd8 23. g3 Qh5 24. Nd3 c4 25. Qxb4 cxd3 26. Qe1 dxc2 27. Bxc2
Rxc2 0-1

[Event "Campeonato de España FEDC 2014"]
[Site "Linares ESP"]
[Date "2014.11.16"]
[Round "1.17"]
[White "Pimienta Sanchez, Manuel"]
[Black "Bueno Cardenas, Rafael"]
[Result "1-0"]
[WhiteElo "1820"]
[BlackElo "1511"]
[PlyCount "29"]
[EventDate "2014.11.16"]
[EventType "swiss"]
[EventRounds "8"]
[EventCountry "ESP"]
[Source "lmi"]
[SourceDate "2014.11.16"]

1. b3 e5 2. Bb2 Nc6 3. e3 Nf6 4. Bb5 d6 5. Ne2 g6 6. d4 Bd7 7. O-O Bg7 8. Bxc6
Bxc6 9. dxe5 Ng4 10. Nd4 Qh4 11. h3 Bxg2 12. Qxg4 Qxh3 13. Qxg2 Qxg2+ 14. Kxg2
Bxe5 15. c3 1-0

[Event "Campeonato de España FEDC 2014"]
[Site "Linares ESP"]
[Date "2014.11.16"]
[Round "1.18"]
[White "Martinez Perez, Carlos"]
[Black "Escalante Ortega, Fernando"]
[Result "0-1"]
[WhiteElo "1508"]
[BlackElo "1814"]
[PlyCount "98"]
[EventDate "2014.11.16"]
[EventType "swiss"]
[EventRounds "8"]
[EventCountry "ESP"]
[Source "lmi"]
[SourceDate "2014.11.16"]

1. e4 c5 2. Nf3 Nc6 3. c3 d5 4. exd5 Qxd5 5. d4 Bg4 6. Be2 e6 7. O-O Nf6 8. Be3
cxd4 9. Nxd4 Bxe2 10. Qxe2 Nxd4 11. Bxd4 Be7 12. Nd2 O-O 13. Nf3 Rfd8 14. Rfd1
Qh5 15. Qe5 Rd5 16. Qxh5 Nxh5 17. Rd2 Bf6 18. Rad1 Bxd4 19. Rxd4 Rad8 20. Rxd5
Rxd5 21. Rxd5 exd5 22. g3 Kf8 23. Nd4 Nf6 24. f3 a6 25. Kf2 g6 26. Ke3 Ke7 27.
Kd3 Kd6 28. b3 Nd7 29. Nc2 Nc5+ 30. Ke3 Ne6 31. Nd4 Ke5 32. Nxe6 fxe6 33. f4+
Kf5 34. h3 h5 35. Kf3 g5 36. g4+ hxg4+ 37. hxg4+ Kf6 38. a4 gxf4 39. Kxf4 e5+
40. Ke3 b6 41. b4 b5 42. axb5 axb5 43. Kf3 Kg5 44. Kg3 e4 45. Kf2 Kxg4 46. Ke3
Kg3 47. Ke2 Kf4 48. Kf2 e3+ 49. Ke2 Ke4 0-1

[Event "Campeonato de España FEDC 2014"]
[Site "Linares ESP"]
[Date "2014.11.16"]
[Round "1.19"]
[White "Septien Lopez, Valeriano"]
[Black "Garcia Cruz, Francisco"]
[Result "1-0"]
[WhiteElo "1811"]
[BlackElo "1500"]
[PlyCount "31"]
[EventDate "2014.11.16"]
[EventType "swiss"]
[EventRounds "8"]
[EventCountry "ESP"]
[Source "lmi"]
[SourceDate "2014.11.16"]

1. e4 g6 2. d4 Bg7 3. c3 e6 4. g3 Ne7 5. Bg2 O-O 6. Bg5 d6 7. Qd2 Re8 8. Ne2
Nd7 9. Na3 a6 10. Bh6 Bh8 11. h4 c5 12. h5 cxd4 13. Nxd4 e5 14. hxg6 exd4 15.
gxh7+ Kxh7 16. Bf8+ 1-0

[Event "Campeonato de España FEDC 2014"]
[Site "Linares ESP"]
[Date "2014.11.16"]
[Round "1.20"]
[White "Lago Carballo, Carmen"]
[Black "Garcia Cervigon, Cecilio"]
[Result "0-1"]
[WhiteElo "1447"]
[BlackElo "1807"]
[PlyCount "68"]
[EventDate "2014.11.16"]
[EventType "swiss"]
[EventRounds "8"]
[EventCountry "ESP"]
[Source "lmi"]
[SourceDate "2014.11.16"]

1. e4 c6 2. d4 d5 3. e5 Bf5 4. a3 e6 5. Bd3 Bxd3 6. Qxd3 c5 7. c3 Nc6 8. Nf3
Rc8 9. O-O Qb6 10. b4 c4 11. Qd1 Nge7 12. Bf4 Ng6 13. Bg3 Nce7 14. Qa4+ Kd8 15.
Ng5 Kc7 16. Nxf7 Rg8 17. Nd6 Rd8 18. Nb5+ Kb8 19. Qa5 Qxa5 20. bxa5 Nf5 21. Nd2
a6 22. Nd6 Nxd6 23. exd6 Bxd6 24. Bxd6+ Rxd6 25. Rfb1 Ka7 26. Rb2 Ne7 27. Rab1
Rd7 28. Rb6 Nc6 29. Nf3 Re7 30. Ne5 Nxa5 31. Rd6 Nb3 32. Rb2 Kb8 33. Kf1 Kc7
34. Nf7 Rxf7 0-1

[Event "Campeonato de España FEDC 2014"]
[Site "Linares ESP"]
[Date "2014.11.16"]
[Round "1.21"]
[White "Rousse Mayol, Ricard"]
[Black "Calvente Aldehuela, Antonia"]
[Result "1-0"]
[WhiteElo "1788"]
[BlackElo "1362"]
[PlyCount "39"]
[EventDate "2014.11.16"]
[EventType "swiss"]
[EventRounds "8"]
[EventCountry "ESP"]
[Source "lmi"]
[SourceDate "2014.11.16"]

1. Nf3 d5 2. g3 Nf6 3. d4 e6 4. Bg2 Bd6 5. O-O O-O 6. Nbd2 Nbd7 7. c4 c6 8.
cxd5 cxd5 9. Re1 b6 10. e4 Re8 11. e5 Bb4 12. exf6 Bxd2 13. Bxd2 Nxf6 14. Bg5
h6 15. Bxf6 Qxf6 16. Qa4 Bb7 17. Rac1 Qe7 18. Rc3 Qd6 19. Rec1 Bc8 20. Qxe8+
1-0

[Event "Campeonato de España FEDC 2014"]
[Site "Linares ESP"]
[Date "2014.11.16"]
[Round "1.22"]
[White "Alarcon Alarcon, Juana"]
[Black "Lopez Perez, Angel Luis"]
[Result "0-1"]
[WhiteElo "1322"]
[BlackElo "1769"]
[PlyCount "54"]
[EventDate "2014.11.16"]
[EventType "swiss"]
[EventRounds "8"]
[EventCountry "ESP"]
[Source "lmi"]
[SourceDate "2014.11.16"]

1. e4 c5 2. Nc3 Nc6 3. Nf3 e5 4. Bc4 Be7 5. O-O Nf6 6. d3 O-O 7. Re1 d6 8. h3
Na5 9. Bd5 Nxd5 10. Nxd5 f5 11. Nd2 f4 12. Nf3 Nc6 13. Bd2 Be6 14. Nxe7+ Qxe7
15. c3 g5 16. Rc1 g4 17. Nh2 gxh3 18. gxh3 Qh4 19. Kh1 Kh8 20. Rg1 Rg8 21. Rg4
Bxg4 22. hxg4 Rg6 23. Qg1 Rag8 24. f3 Qh3 25. d4 cxd4 26. cxd4 Nxd4 27. Bb4
Nxf3 0-1

[Event "Campeonato de España FEDC 2014"]
[Site "Linares ESP"]
[Date "2014.11.16"]
[Round "1.23"]
[White "Quintero Gemio, Antonio J"]
[Black "Juanes Paniagua, Alberto"]
[Result "1-0"]
[WhiteElo "1763"]
[BlackElo "1321"]
[PlyCount "71"]
[EventDate "2014.11.16"]
[EventType "swiss"]
[EventRounds "8"]
[EventCountry "ESP"]
[Source "lmi"]
[SourceDate "2014.11.16"]

1. e4 c6 2. d4 d5 3. Nc3 dxe4 4. Nxe4 Bf5 5. Ng3 Bg6 6. h4 h6 7. h5 Bh7 8. Nf3
Nd7 9. Bd3 Bxd3 10. Qxd3 e6 11. Bf4 Ngf6 12. O-O-O a5 13. Rhe1 Bb4 14. c3 Be7
15. Ne5 Nxe5 16. dxe5 Nd5 17. Be3 a4 18. Qc2 Qc7 19. Bd2 O-O 20. f4 Bh4 21. Qd3
Rfd8 22. Qf3 b5 23. Rh1 Bxg3 24. Qxg3 Ne7 25. Qf2 a3 26. b3 c5 27. g4 b4 28. c4
Qc6 29. Be3 Rxd1+ 30. Rxd1 Rc8 31. Qc2 Qf3 32. Bxc5 Qxf4+ 33. Kb1 Re8 34. Bxe7
Qxe5 35. Bxb4 Ra8 36. Bc3 1-0

[Event "Campeonato de España FEDC 2014"]
[Site "Linares ESP"]
[Date "2014.11.16"]
[Round "1.24"]
[White "Garcia Cruz, Jose Manuel"]
[Black "Menendez Solar, Jose Carlos"]
[Result "0-1"]
[WhiteElo "1300"]
[BlackElo "1758"]
[PlyCount "62"]
[EventDate "2014.11.16"]
[EventType "swiss"]
[EventRounds "8"]
[EventCountry "ESP"]
[Source "lmi"]
[SourceDate "2014.11.16"]

1. d4 f5 2. c4 Nf6 3. Nc3 g6 4. Nf3 Bg7 5. Bg5 O-O 6. e3 d6 7. Be2 c6 8. O-O
Nbd7 9. Qc2 h6 10. Bh4 e5 11. Rad1 Qe8 12. Bg3 Nh5 13. h3 e4 14. Nh2 Nxg3 15.
fxg3 Nf6 16. g4 Kh8 17. d5 c5 18. Nb5 Qe7 19. a3 a6 20. Nc3 Bd7 21. Na4 Qe8 22.
Nb6 Rb8 23. b4 Qd8 24. bxc5 dxc5 25. Nxd7 Nxd7 26. gxf5 gxf5 27. Rf4 Be5 28.
Rff1 Qg5 29. Ng4 fxg4 30. Bxg4 Qxe3+ 31. Kh1 Qg3 0-1

[Event "Campeonato de España FEDC 2014"]
[Site "Linares ESP"]
[Date "2014.11.16"]
[Round "1.25"]
[White "Ramirez Carrasco, Antonio"]
[Black "Mena Lena, Antonio"]
[Result "1-0"]
[WhiteElo "1755"]
[BlackElo "1296"]
[PlyCount "53"]
[EventDate "2014.11.16"]
[EventType "swiss"]
[EventRounds "8"]
[EventCountry "ESP"]
[Source "lmi"]
[SourceDate "2014.11.16"]

1. e4 e5 2. Nf3 Nc6 3. Bb5 Bc5 4. O-O Nf6 5. c3 O-O 6. d4 exd4 7. cxd4 Bb6 8.
d5 Nd4 9. Nxd4 Nxe4 10. Nc3 Nd6 11. Ba4 Qf6 12. Nf3 Nf5 13. Bg5 Qd6 14. Bc2 f6
15. Bc1 Ne7 16. Qd3 f5 17. Re1 Ng6 18. Nb5 Qf6 19. Nbd4 d6 20. Bg5 Qf7 21. Ne6
Re8 22. Qxf5 Bd7 23. Qd3 Bxe6 24. dxe6 Rxe6 25. Rxe6 Qxe6 26. Bb3 Qxb3 27.
Qxb3+ 1-0

[Event "Campeonato de España FEDC 2014"]
[Site "Linares ESP"]
[Date "2014.11.16"]
[Round "1.26"]
[White "Urlezaga Mandaluniz, Jose A"]
[Black "Martinez Colomar, Alejandro"]
[Result "0-1"]
[WhiteElo "1284"]
[BlackElo "1747"]
[PlyCount "64"]
[EventDate "2014.11.16"]
[EventType "swiss"]
[EventRounds "8"]
[EventCountry "ESP"]
[Source "lmi"]
[SourceDate "2014.11.16"]

1. e4 c5 2. Nf3 d6 3. d4 cxd4 4. Nxd4 Nf6 5. Nc3 g6 6. Be2 Bg7 7. Be3 O-O 8.
Qd2 Ng4 9. Bxg4 Bxg4 10. h3 Bd7 11. O-O-O Nc6 12. Nce2 Rc8 13. Bh6 Nxd4 14.
Nxd4 Qb6 15. Bxg7 Kxg7 16. Nb3 Be6 17. Kb1 Rc4 18. c3 Rxe4 19. Nc1 Rc8 20. f3
Rec4 21. Ne2 a5 22. g4 a4 23. h4 h6 24. h5 g5 25. f4 f6 26. f5 Bf7 27. Rc1 Rxg4
28. Rhf1 Rg2 29. c4 Bxc4 30. Rfe1 Qf2 31. a3 Bxe2 32. Rxc8 Bd3+ 0-1

[Event "Campeonato de España FEDC 2014"]
[Site "Linares ESP"]
[Date "2014.11.17"]
[Round "2.1"]
[White "Escalante Ortega, Fernando"]
[Black "Palacios Perez, Manuel"]
[Result "0-1"]
[WhiteElo "1814"]
[BlackElo "2208"]
[PlyCount "46"]
[EventDate "2014.11.16"]
[EventType "swiss"]
[EventRounds "8"]
[EventCountry "ESP"]
[Source "lmi"]
[SourceDate "2014.11.16"]

1. e4 e6 2. Nf3 d5 3. Nc3 Bb4 4. exd5 exd5 5. a3 Be7 6. d4 Nf6 7. Bd3 Bg4 8. h3
Be6 9. Bf4 Nc6 10. Qd2 a6 11. g4 Qd7 12. Ne5 Nxe5 13. dxe5 d4 14. exf6 dxc3 15.
Qxc3 Bxf6 16. Qb4 Bd5 17. Be4 c5 18. Qxc5 Bxe4 19. O-O Qc6 20. Qb4 a5 21. Qd2
O-O 22. c3 Rad8 23. Qc1 Bg2 0-1